| 000 | 01004cab a22002055a 4500 | ||
|---|---|---|---|
| 001 | L137088 | ||
| 008 | 070314e2007 xxk 000 0 eng d | ||
| 035 | _a(Sirsi) u137088 | ||
| 041 | 0 | _aeng | |
| 100 | 1 | _aLe Poidevin, Jackie | |
| 245 | 0 | 0 | _aIndustry must measure up or face regulation |
| 260 | _c2007 | ||
| 490 | 0 |
_aFacilities Management _v14(6) March 2007, 10-12(3) |
|
| 520 | _aDiscusses how commercial property landlords' and managing agents' are meeting the best-practice guidelines on service charges as set out in the RICS code of practice 'Service Charges in Commercial Property' (L133990 ). Discusses the Loughborough University Service Charge Study (L136658) which concludes that the industry is a long way from best practice. | ||
| 590 | _aKA | ||
| 650 | 2 | 4 | _aRICS CODE OF PRACTICE ON SERVICE CHARGES |
| 651 | 4 |
_aEngland and Wales _y1543- |
|
| 690 | _aPROPERTY-COMMERCIAL PROPERTY-LEASEHOLD COMMERCIAL PROPERTY-COMMERCIAL LANDLORD AND TENANT-COMMERCIAL SERVICE CHARGES | ||
| 942 | _n0 | ||
| 999 |
_c78545 _d78545 |
||